LIBRARY & INFORMATION CENTRE, KCAET, TAVANUR

ONLINE PUBLIC ACCESS CATALOGUE (OPAC)

High tech horticulture / (Record no. 13074)

MARC details
000 -LEADER
fixed length control field 00391cam a2200169ua 4500
041 ## - LANGUAGE CODE
Language code of text/sound track or separate title eng
082 ## - DEWEY DECIMAL CLASSIFICATION NUMBER
Classification number 635
Item number SIN/HI
100 ## - MAIN ENTRY--AUTHOR NAME
Personal name D.K, Singh .
245 ## - TITLE STATEMENT
Title High tech horticulture /
260 ## - PUBLICATION, DISTRIBUTION, ETC. (IMPRINT)
Place of publication Udapur :
Name of publisher ATTPA ,
Year of publication 2004.
300 ## - PHYSICAL DESCRIPTION
Number of Pages ;
Accompanying material `.
942 ## - ADDED ENTRY ELEMENTS (KOHA)
Koha item type Books
Holdings
Withdrawn status Lost status Damaged status Home library Current library Date acquired Full call number Accession Number Koha item type
      KAUAET KAUAET 07/04/2012 635 21611 Books
free website counter